| 000 | 01140nam a22002537a 4500 | ||
|---|---|---|---|
| 003 | OSt | ||
| 005 | 20260213062144.0 | ||
| 008 | 240118b mp ||||| |||| 00| 0 mon d | ||
| 020 |
_a9789919957292 _q(зөөлөн хавтастай) |
||
| 040 |
_aMN-MNUMS _bMON _cMN-MNUMS _dMN-MNUMS _erda |
||
| 082 |
_221 _a155 _bИ 968 |
||
| 100 |
_aКишими Ичиро _953821 _eзохиогч |
||
| 245 |
_aЖаргалтай болох зориг: Адлерын хувь хүний хөгжлийн сургаал 2 _c/Япон хэлнээс орчуулсан: Д. Алтанцэцэг; Редактор: Ц. Дэлгэрмаа |
||
| 264 | 1 |
_aУлаанбаатар: _c2023. |
|
| 300 |
_a238 хуудастай. _g22 см |
||
| 546 |
_aмонгол _b(кирилл) |
||
| 650 | 4 |
_aгрекийн гүн ухаан _969184 |
|
| 650 | 4 |
_aад үзэгдэх зориг _969166 |
|
| 650 | 4 |
_aхүний хөгжилийн сургаал _969185 |
|
| 700 |
_aКога Фүмитакэ _eзохиогч _953822 |
||
| 700 |
_aДэлгэрмаа, Ц. _eредактор _967288 |
||
| 700 |
_aЧимгээ, Д. _eредактор _969186 |
||
| 942 |
_2ddc _cBK |
||
| 999 |
_c32872 _d32872 |
||